Focus sur: Varda - Tolkien - Statistiques

Statistiques générales
  • Ce quiz a été pris 12 fois
  • Le résultat moyen est 5 sur 10
Statistiques - réponses
Informations recherchées Réponses % Correct
Espèce Valie
100%
Première apparition Le Silmarillion
91%
Epoux Manwë
91%
Contrée Valinor
91%
Profession et titre Reine d'Arda
82%
Autres noms Elbereth
9%
Elentári
9%
Fanuilos
9%
Gilthoniel
9%
Tintallë
9%
Aucun quiz correspondant
Distribution des résultats
% des personnes avec chaque résultat
Percentile par nombre de réponses
Votre historique - résultats
Vous n’avez pas pris ce quiz